000 01142nam a2200301Ia 4500
003 OSt
005 20221007123348.0
006 a|||||r|||| 00| 0
007 ta
008 221006b |||||||| |||| 00| 0 eng d
020 _a048667164X (pbk)
_c
_ 19.95
024 _a10006
037 _bI K,
_cTextual
040 _aPAPL
_cPAPL
_beng
041 _2eng
_aeng
082 _aC:(B), N2
100 _aByron Frederick W
_9717136
245 0 _aMathematics of classical and quantum physics by Frederick W Byron and Robert W Fuller
_b Fuller Robert W
250 _aCorrected Dover edition
260 _aNew
_bYork Dover Pub. Inc.
_c1992
300 _ax, 661p
_ccm.
500 _aBibliography 649-650p; Index 651-661p; ^n23/CSL/CARPA/2002-03/414^d2002-10-11^mPurchase; ; 2002-03/329^b2002-10-28^cIK/2002/1755^d2002-10-18^eRs.2,918.00^fI K International Pvt. Ltd.; ; 2003-01-24^bSB^c2003-09-03^dS C Jindal
650 _a Mathematical Physics
_9463933
650 _aPhysics
700 _a Fuller Robert W
_9150897
942 _hC:(B), N2
_cTEXL
_2CC
999 _c1211755
_d1211755